000 00384nam a2200157Ia 4500
008 230711s9999||||xx |||||||||||||| ||und||
041 _aENG
082 _a5
_bGU-T
100 _aGurewich,Nathan
245 0 _aTeach yourself visual basic in 21 days
250 _a1st
260 _c1995
_aNew Delhi
_bSAMS Publications
300 _a986
650 _aComputer Engineering
942 _cBK
999 _c3364
_d3364